| 000 | 00401nam a22001697a 4500 | ||
|---|---|---|---|
| 999 |
_c11481 _d11481 |
||
| 003 | OSt | ||
| 008 | 220824b ||||| |||| 00| 0 eng d | ||
| 020 | _a9788182813892 | ||
| 082 | _a330 JHH | ||
| 100 | _aJHINGAM,M.L.& etc | ||
| 245 | _aHistory of Economic Thought | ||
| 250 | _a3rd | ||
| 260 |
_aDelhi _bVrinda Publications Ltd _c2020 |
||
| 300 | _a421 | ||
| 650 | _aCommerce | ||
| 942 |
_2ddc _cBK _03 |
||